000
00340nam a2200145Ia 4500
008
150201s1990 xx 000 0 und d
082
_a
610
_b
E1990A
100
_a
ANDEROLI.THOMAS
245
_a
ESSENTIAL OF MEDICINE
250
_a
2ND
260
_b
SAUNDERS
_a
PHILADELPHIA
_c
1990
300
_a
1-830
650
_a
MEDICINE
942
_2
ddc
_c
BK
999
_c
4034
_d
4034